000 00815nam a2200265 i 4500
001 141754
003 ES-MaACL
005 20250927155720.0
007 t|
008 070927s1961 sp ||||1| spa d
080 _a382
080 _a382.1
100 1 _aViner, Jacob.
_9115325
245 1 0 _aComercio internacional y desarrollo económico /
_cJacob Viner ; [traducción de Jacinto Ros Hombravella].
260 _aMadrid :
_bTecnos,
_c[1961]
300 _a173 p. ;
_c24 cm.
490 1 _aSemilla y surco ;
_v8
650 4 _aDesarrollo económico.
_9153584
650 1 7 _aComercio exterior
_2embne
_911168
700 1 _aRos Hombravella, Jacint,
_d1934-
_999589
830 1 _aSemilla y surco
_v8
_9177965
852 4 _aES-MaACL
_jE-8283
852 4 _aES-MaACL
_jC-27338
999 _c141754
_d141754